01466nam a2200361Ia 4500001001200000003000800012006001900020007001500039008004100054010001700095020001800112020002600130020001500156040002100171035002100192050002900213082001500242245010500257260004800362300003700410490004200447504004100489533015200530650004200682650006600724650005600790655002900846700002000875700002300895710001700918830004300935856012600978ebr10698893CaPaEBRm o u cr cn|||||||||100617s2007 njuac sb 000 0 eng d z 2010280297 z9789812708076 z9789812770103 (ebook) z9812708073 aCaPaEBRcCaPaEBR a(OCoLC)84992341514aQA76.9.A25bS4345 2007eb04a005.4422200aSecurity in distributed and networking systemsh[electronic resource] /ceditors, Yang Xiao, Yi Pan. aHackensack, NJ :bWorld Scientific,cc2007. axvi, 493 p. :bill., col. ports.1 aComputer and network security ;vv. 1 aIncludes bibliographical references. aElectronic reproduction.bPalo Alto, Calif. :cebrary,d2013.nAvailable via World Wide Web.nAccess may be limited to ebrary affiliated libraries. 0aComputer networksxSecurity measures. 0aDistributed operating systems (Computers)xSecurity measures. 0aElectronic data processingxDistributed processing. 7aElectronic books.2local1 aPan, Yi,d1960-1 aXiao, Yang,d1966-2 aebrary, Inc. 0aComputer and network security ;vv. 1.40uhttp://site.ebrary.com/lib/rucke/Doc?id=10698893zAn electronic book accessible through the World Wide Web; click to view